| Tag |
First Indicator |
Second Indicator |
Subfields |
| LEADER |
00000cjm a2200000Ii 4500 |
| 001 |
in00003606413 |
| 005 |
20170928110653.0 |
| 007 |
sd fsngnnmmneu |
| 008 |
151028t20152015cauppnn z n eng d |
| 024 |
1 |
|
|a 600753648230
|
| 024 |
1 |
|
|a 888751598928
|q (sticker on wrapper)
|
| 028 |
0 |
2 |
|a B0024060-02
|b Universal Music Group
|
| 028 |
0 |
2 |
|a B002406002
|b UMG Recordings
|
| 028 |
0 |
2 |
|a 88875159892
|b NOW
|
| 035 |
|
|
|a (OCoLC)ocn927109135
|
| 037 |
|
|
|b Midwest Tape
|n http://www.midwesttapes.com
|
| 040 |
|
|
|a JAI
|c JAI
|d JAI
|d JO3
|d OCP
|d GO4
|d OCLCF
|d ILC
|d UtOrBLW
|
| 046 |
|
|
|k 2011
|l 2020
|
| 049 |
|
|
|a TXAM
|
| 050 |
|
4 |
|a M1630.18
|b .N69 2015
|
| 082 |
0 |
4 |
|a N946n56 2015
|
| 082 |
0 |
4 |
|a 782.4216/3
|2 23
|
| 090 |
|
|
|a M1630.18
|b .N68 2015
|
| 245 |
0 |
0 |
|a Now that's what I call music!
|n 56.
|
| 246 |
3 |
|
|a Now that's what I call music!
|n fifty-six
|
| 246 |
3 |
|
|a Now that is what I call music!
|n fifty-six
|
| 246 |
3 |
|
|a Now that is what I call music!
|n 56
|
| 246 |
3 |
|
|a Now.
|n 56
|
| 246 |
3 |
|
|a Now.
|n fifty-six
|
| 264 |
|
1 |
|a Santa Monica, CA :
|b Universal Music Group/Sony Music,
|c [2015]
|
| 264 |
|
4 |
|c ℗2015
|
| 300 |
|
|
|a 1 audio disc (78 min.) :
|b CD audio, digital ;
|c 4 3/4 in.
|
| 336 |
|
|
|a performed music
|b prm
|2 rdacontent
|
| 337 |
|
|
|a audio
|b s
|2 rdamedia
|
| 338 |
|
|
|a audio disc
|b sd
|2 rdacarrier
|
| 344 |
|
|
|a digital
|b optical
|2 rda
|
| 347 |
|
|
|a audio file
|b CD audio
|2 rda
|
| 500 |
|
|
|a Title from container.
|
| 511 |
0 |
|
|a Performed by various performers.
|
| 500 |
|
|
|a Compact disc.
|
| 505 |
0 |
0 |
|t See you again (from Furious 7) /
|r Wiz Khalifa, featuring Charlie Puth --
|t Can't feel my face /
|r The Weeknd --
|t Locked away
|r R. City, featuring Adam Levine --
|t Watch me (Whip, Nae Nae) /
|r Silentó --
|t Bad blood /
|r Taylor Swift, featuring Kendrick Lamar --
|t Good for you /
|r Selena Gomez, featuring A$AP Rocky --
|t Cool for the summer /
|r Demi Lovato --
|t She's kinda hot /
|r 5 Seconds of Summer --
|t Uma Thurman /
|r Fall Out Boy --
|t Marvin Gaye /
|r Charlie Puth, featuring Meghan Trainor --
|t Fight song /
|r Rachel Platten --
|t Photograph /
|r Ed Sheeran --
|t Like I'm gonna lose you /
|r Meghan Trainor, featuring John Legend --
|t Stitches /
|r Shawn Mendes --
|t Ex's & Oh's /
|r Elle King --
|t Strip it down /
|r Luke Bryan --
|g NOW what's next!.
|t Beautiful life /
|r Nick Fradiani ;
|t Smile /
|r The Royal Concept ;
|t Into the wild /
|r Connell Cruise ;
|t Bitter pill /
|r Gavin James ;
|t Temple /
|r Parson James ;
|t Crazy beautiful /
|r Skylar Stecker.
|
| 520 |
|
|
|a Music's most popular series is back with another collection featuring the biggest hits including chart toppers from the worlds of country, rock, rap, pop, and more.
|
| 500 |
|
|
|a Sound recording.
|
| 650 |
|
0 |
|a Popular music
|y 2011-2020.
|0 http://id.loc.gov/authorities/subjects/sh2011002283
|
| 650 |
|
0 |
|a Rock music
|y 2011-2020.
|0 http://id.loc.gov/authorities/subjects/sh2011000500
|
| 650 |
|
0 |
|a Country music
|y 2011-2020.
|0 http://id.loc.gov/authorities/subjects/sh2011001577
|
| 650 |
|
0 |
|a Rhythm and blues music.
|0 http://id.loc.gov/authorities/subjects/sh85113834
|
| 650 |
|
0 |
|a Rap (Music)
|0 http://id.loc.gov/authorities/subjects/sh85111437
|
| 650 |
|
7 |
|a Popular music.
|2 fast
|0 (OCoLC)fst01071422
|
| 650 |
|
7 |
|a Rock music.
|2 fast
|0 (OCoLC)fst01099204
|
| 650 |
|
7 |
|a Country music.
|2 fast
|0 (OCoLC)fst00881424
|
| 650 |
|
7 |
|a Rhythm and blues music.
|2 fast
|0 (OCoLC)fst01097281
|
| 650 |
|
7 |
|a Rap (Music)
|2 fast
|0 (OCoLC)fst01089951
|
| 648 |
|
7 |
|a 2011 - 2020
|2 fast
|
| 655 |
|
7 |
|a Popular music.
|2 fast
|0 (OCoLC)fst01726706
|
| 655 |
|
7 |
|a Rock music.
|2 fast
|0 (OCoLC)fst01726724
|
| 655 |
|
7 |
|a Country music.
|2 fast
|0 (OCoLC)fst01726574
|
| 655 |
|
7 |
|a Rhythm and blues music.
|2 fast
|0 (OCoLC)fst01726723
|
| 655 |
|
7 |
|a Songs.
|2 lcgft
|0 http://id.loc.gov/authorities/genreForms/gf2014027103
|
| 655 |
|
7 |
|a Popular music.
|2 lcgft
|0 http://id.loc.gov/authorities/genreForms/gf2014027009
|
| 655 |
|
7 |
|a Rock music.
|2 lcgft
|0 http://id.loc.gov/authorities/genreForms/gf2014027054
|
| 655 |
|
7 |
|a Country music.
|2 lcgft
|0 http://id.loc.gov/authorities/genreForms/gf2014026739
|
| 655 |
|
7 |
|a Rhythm and blues music.
|2 lcgft
|0 http://id.loc.gov/authorities/genreForms/gf2014027052
|
| 700 |
1 |
|
|a Khalifa, Wiz,
|d 1987-
|e performer.
|0 http://id.loc.gov/authorities/names/no2007011188
|
| 700 |
1 |
|
|a Puth, Charlie,
|d 1991-
|e performer.
|0 http://id.loc.gov/authorities/names/no2015055245
|
| 700 |
0 |
|
|a Weeknd,
|d 1990-
|e performer.
|0 http://id.loc.gov/authorities/names/no2011195603
|
| 700 |
1 |
|
|a City, R.,
|e performer.
|
| 700 |
1 |
|
|a Levine, Adam,
|d 1979-
|e performer.
|0 http://id.loc.gov/authorities/names/no2006013632
|
| 700 |
0 |
|
|a Silentó,
|d 1998-
|e performer.
|0 http://id.loc.gov/authorities/names/no2015155071
|
| 700 |
1 |
|
|a Swift, Taylor,
|d 1989-
|e performer.
|0 http://id.loc.gov/authorities/names/no2007053238
|
| 700 |
1 |
|
|a Lamar, Kendrick,
|d 1987-
|e performer.
|0 http://id.loc.gov/authorities/names/no2012001286
|
| 700 |
1 |
|
|a Gomez, Selena,
|d 1992-
|e performer.
|0 http://id.loc.gov/authorities/names/n2008039026
|
| 700 |
0 |
|
|a A$AP Rocky
|c (Rapper),
|d 1988-
|e performer.
|0 http://id.loc.gov/authorities/names/no2013015444
|
| 700 |
1 |
|
|a Lovato, Demi,
|d 1992-
|e performer.
|0 http://id.loc.gov/authorities/names/n2008039032
|
| 700 |
1 |
|
|a Trainor, Meghan,
|d 1993-
|e performer.
|0 http://id.loc.gov/authorities/names/no2014148919
|
| 700 |
1 |
|
|a Platten, Rachel,
|d 1981-
|e performer.
|0 http://id.loc.gov/authorities/names/no2012101369
|
| 700 |
1 |
|
|a Sheeran, Ed,
|d 1991-
|e performer.
|0 http://id.loc.gov/authorities/names/nb2012000710
|
| 700 |
1 |
|
|a Legend, John,
|e performer.
|0 http://id.loc.gov/authorities/names/no2004109348
|
| 700 |
1 |
|
|a Mendes, Shawn,
|d 1998-
|e performer.
|0 http://id.loc.gov/authorities/names/no2014147012
|
| 700 |
1 |
|
|a King, Elle,
|d 1989-
|e performer.
|0 http://id.loc.gov/authorities/names/no2015066916
|
| 700 |
1 |
|
|a Bryan, Luke,
|e performer.
|0 http://id.loc.gov/authorities/names/no2007107655
|
| 700 |
1 |
|
|a Fradiani, Nick,
|d 1985-
|e performer.
|0 http://id.loc.gov/authorities/names/no2015154840
|
| 700 |
1 |
|
|a Cruise, Connell,
|e performer.
|0 http://id.loc.gov/authorities/names/no2015154848
|
| 700 |
1 |
|
|a James, Gavin,
|d 1991-
|e performer.
|0 http://id.loc.gov/authorities/names/no2015155573
|
| 700 |
1 |
|
|a James, Parson,
|e performer.
|0 http://id.loc.gov/authorities/names/no2015155554
|
| 700 |
1 |
|
|a Stecker, Skylar,
|e performer.
|0 http://id.loc.gov/authorities/names/no2015155005
|
| 710 |
2 |
|
|a 5 Seconds of Summer (Musical group),
|e performer.
|0 http://id.loc.gov/authorities/names/no2014091602
|
| 710 |
2 |
|
|a Fall Out Boy (Musical group),
|e performer.
|0 http://id.loc.gov/authorities/names/no2005028477
|
| 710 |
2 |
|
|a Royal Concept (Musical group),
|e performer.
|0 http://id.loc.gov/authorities/names/no2014012520
|
| 948 |
|
|
|a cataloged
|b h
|c 2016/1/25
|d c
|e ceaton
|f 1:55:48 pm
|
| 994 |
|
|
|a C0
|b TXA
|
| 999 |
f |
f |
|s fa6fe298-5def-3825-8044-84fc59515f50
|i 8ed664a0-9802-3ee8-a491-ece609c01cfc
|t 0
|
| 952 |
f |
f |
|p ric
|a Texas A&M University
|b Rellis Campus
|c Joint Library Facility
|d Remote Storage
|t 0
|e M1630.18 .N68 2015
|h Library of Congress classification
|i audio -- audio disc
|m A14843326860
|
| 998 |
f |
f |
|a M1630.18 .N68 2015
|t 0
|l Remote Storage
|